00733cam a22002531 4500001001300000003000400013005001700017008004100034010001700075035001900092040001700111042001200128050002200140051001600162100002900178245004600207260003300253300001800286490004600304500001700350651005500367650004000422999001700462rc 01002804 DLC20260227111907.0800109s1896 nyu 000 0 eng  arc 01002804  a(OCoLC)5857489 aDLCcVidDLC apremarc00aE173b.A66 no. 27 aF229b.S6821 aSmith, John,d1580-1631.00aCaptain John Smith's True relation, 1608. aNew York,bA. Lovell,c1896. a33 p.c18 cm.0 aAmerican history leaflets. [v. 2]vno. 27 aCover-title. 0aVirginiaxHistoryyColonial period, ca. 1600-1775. 0aIndians of North AmericazVirginia. c52413d52413